000 00678nam a2200217 u 4500
005 20240912063842.0
008 121003s2008 mx r 000 0 spa d
020 _a9789706417244
035 _aUPN01000186945
049 _aI
050 4 _aPQ7798.426 E4.3
_bC6.5
100 1 _aPellegrino, Mariana Inés,
_d1984-
_932704
245 1 0 _aCon mis manos /
_cMariana I. Pellegrino ; il. Mariana Nemitz.
260 _aMéxico :
_bProgreso,
_c2008.
300 _a[24] p. :
_bprincipalmente il. col.
440 0 _aCon mis...
650 4 _aCuentos infantiles argentinos
_97466
650 4 _aLibros y lectura para niños
_92290
700 1 _aNemitz, Mariana,
_eil.
905 _aInfantil
999 _c159048
_d159048